000
00187 a2200097 4500
020
_a
9780807594834
041
_a
eng
100
_a
Jules, Jacqueline
245
_a
Zapato Power
942
_c
BK
999
_c
14206
_d
14206